000 00198 a2200109 4500
020 _a586722
041 _aspa
100 _aAnonimo
245 _aPollito venga asu Mama
942 _cBK
952 _71
999 _c22233
_d22233